Kľúč na určovanie drevín podľa púčikov a konárikov (Record no. 20254)
[ view plain ]
| 000 -LEADER | |
|---|---|
| fixed length control field | 01613nam a2200421 a 4500 |
| 001 - CONTROL NUMBER | |
| control field | 20254 |
| 003 - CONTROL NUMBER IDENTIFIER | |
| control field | VRT |
| 005 - DATE AND TIME OF LATEST TRANSACTION | |
| control field | 20260120115922.0 |
| 008 - FIXED-LENGTH DATA ELEMENTS--GENERAL INFORMATION | |
| fixed length control field | 190102s1974 xo 000 slo |
| 015 ## - NATIONAL BIBLIOGRAPHY NUMBER | |
| National bibliography number | SKSNBA1974/07-01934 |
| 035 ## - SYSTEM CONTROL NUMBER | |
| System control number | SK01SNK19740044559 |
| 035 ## - SYSTEM CONTROL NUMBER | |
| System control number | SKM000047022 |
| 039 #9 - LEVEL OF BIBLIOGRAPHIC CONTROL AND CODING DETAIL [OBSOLETE] | |
| Level of rules in bibliographic description | 202301291553 |
| Level of effort used to assign nonsubject heading access points | AUTHORITY |
| Level of effort used to assign subject headings | 202301291543 |
| Level of effort used to assign classification | AUTHORITY |
| Level of effort used to assign subject headings | 201901021550 |
| Level of effort used to assign classification | VLOAD |
| Level of effort used to assign subject headings | 201610251009 |
| Level of effort used to assign classification | AUTHORITY |
| 040 ## - CATALOGING SOURCE | |
| Original cataloging agency | SNK |
| Language of cataloging | slo |
| Transcribing agency | SNK |
| Description conventions | AACR2 |
| 041 1# - LANGUAGE CODE | |
| Language code of text/sound track or separate title | slo |
| 044 ## - COUNTRY OF PUBLISHING/PRODUCING ENTITY CODE | |
| MARC country code | xo |
| ISO country code | SK |
| 080 ## - UNIVERSAL DECIMAL CLASSIFICATION NUMBER | |
| Universal Decimal Classification number | 634.054.73) |
| Edition identifier | 1981 |
| 100 1# - MAIN ENTRY--PERSONAL NAME | |
| Personal name | Červenka, Martin, |
| Dates associated with a name | 1905-1988 |
| 245 10 - TITLE STATEMENT | |
| Title | Kľúč na určovanie drevín podľa púčikov a konárikov |
| Statement of responsibility, etc. | autori: Martin Červenka, Katarína Cigánová ; ilustr. K. Cigánová |
| 260 ## - PUBLICATION, DISTRIBUTION, ETC. | |
| Place of publication, distribution, etc. | Bratislava |
| Name of publisher, distributor, etc. | Slovenské pedagogické nakladateľstvo |
| Date of publication, distribution, etc. | 1974 |
| Place of manufacture | Martin |
| Manufacturer | Tlačiarne SNP |
| 300 ## - PHYSICAL DESCRIPTION | |
| Extent | 237, [2] s., 23 s. fareb. obr. príl. |
| Dimensions | 8° |
| 500 ## - GENERAL NOTE | |
| General note | Lit. Vysvetl. Tit. dvojlist. Reg. |
| 650 07 - SUBJECT ADDED ENTRY--TOPICAL TERM | |
| Topical term or geographic name entry element | dreviny |
| General subdivision | určovanie |
| -- | kľúče |
| 655 #7 - INDEX TERM--GENRE/FORM | |
| Genre/form data or focus term | príručky |
| Source of term | SNKPH |
| 700 1# - ADDED ENTRY--PERSONAL NAME | |
| Personal name | Cigánová, Katarína, |
| Dates associated with a name | 1922-2006 |
| Relationship | aut |
| -- | ill |
| 910 ## - USER-OPTION DATA (OCLC) | |
| User-option data | kis3gmm |
| 910 ## - USER-OPTION DATA (OCLC) | |
| User-option data | snmk |
| 910 ## - USER-OPTION DATA (OCLC) | |
| User-option data | svkbb |
| 942 ## - ADDED ENTRY ELEMENTS (KOHA) | |
| Source of classification or shelving scheme | Dewey Decimal Classification |
| Koha item type | Odborná literatúra pre dospelých |
| Suppress in OPAC | No |
| 949 ## - LOCAL PROCESSING INFORMATION (OCLC) | |
| 6 | 3830001022334 |
| a | kurukF7/3 |
| b | kuruk2009/F2288 |
| 949 ## - LOCAL PROCESSING INFORMATION (OCLC) | |
| 6 | 0133039828 |
| a | snmk |
| b | snmk39828 |
| 949 ## - LOCAL PROCESSING INFORMATION (OCLC) | |
| 6 | 273K0016548 |
| a | svkpoA 95165 |
| b | svkpo217314 |
| 949 ## - LOCAL PROCESSING INFORMATION (OCLC) | |
| 6 | 273K0016549 |
| a | svkpoA 95165a |
| b | svkpo217323 |
| 949 ## - LOCAL PROCESSING INFORMATION (OCLC) | |
| 6 | 270001000443896 |
| a | svkbbS 7490 |
| b | svkbbm 287514 |
| 949 ## - LOCAL PROCESSING INFORMATION (OCLC) | |
| 6 | 49505A03503 |
| a | lmsmopaj582 |
| b | lmsmopaj23744 |
| Stav vyradenia | Strata | Poškodenie | Spôsob nadobudnutia | Domovská knižnica | Aktuálna knižnica | Dátum nadobudnutia | Total checkouts | Čiarový kód exemplára | Date last seen | Typ exemplára |
|---|---|---|---|---|---|---|---|---|---|---|
| Dar | Obecná knižnica Horná Štubňa | Obecná knižnica Horná Štubňa | 20.01.2026 | 4736200275 | 20.01.2026 | Odborná literatúra pre dospelých |
